00655 2200217 4500001002100000005001500021035002000036007000300056008004100059020002200100082001600122084002200138100001600160245006000176250002000236260006500256300003100321650003900352650002800391856001800419INLIS00000000000006520250710120439 a0010-0725000065ta250710 a 0 ind  a978-623-307-326-4 a398.209 598 a398.209 598 MEH d0 aSonia Mehta1 aDOT Kisah sebuah buku kecil yang bahagia /cSonia Mehta aCetakan Pertama aRawamangun :bBadan Pengembangan dan Pembinaan Bahasa,c2022 a16 hlm. :bIlus. ;c29 cm. 4aCerita Anak Indonesia - Terjemahan 4aLiterasi - Bahan bacaan aTBM AS SUHADA